| 000 | 01375nam a22002537a 4500 | ||
|---|---|---|---|
| 999 |
_c31363 _d31360 |
||
| 001 | 16303391 | ||
| 003 | OSt | ||
| 005 | 20190131092116.0 | ||
| 008 | 190131b ||||| |||| 00| 0 eng d | ||
| 020 | _a9781555706999 (alk. paper) | ||
| 020 | _a1555706991 (alk. paper) | ||
| 035 | _a(OCoLC)ocn645246127 | ||
| 040 |
_aMMU _cMMU _dMMU _beng |
||
| 050 | 0 | 0 |
_aZ666.5 _b.A23 2010 |
| 082 | 0 | 0 |
_a025 _222 |
| 100 | 1 |
_aAbbas, June, _d1964- |
|
| 245 | 1 | 0 |
_aStructures for organizing knowledge : _bexploring taxonomies, ontologies, and other schemas / _cJune Abbas. |
| 260 |
_aNew York : _bNeal-Schuman Publishers, _cc2010. |
||
| 300 |
_axxi, 249 p. : _bill. ; _c23 cm. |
||
| 504 | _aIncludes bibliographical references and index. | ||
| 505 | 0 | _aIntroduction to structures for organizing knowledge -- Historical perspectives and development of structures for organizing knowledge -- Standards and best practices -- Disciplinary uses and applications of knowledge structures -- Structures for organizing knowledge in personal and professional contexts -- Social knowledge-organizing behaviors and socially-constructed structures for organizing knowledge : research and discussion -- Extending our thinking : creating a structure for organizing knowledge from various threads -- Thinking ahead : are we at a crossroads? | |
| 650 | 0 | _aInformation organization. | |
| 942 |
_2lcc _cLOAN LOAN |
||